| 000 | 00801nam a22002297a 4500 | ||
|---|---|---|---|
| 001 | 77018 | ||
| 003 | BD-RjUL | ||
| 005 | 20211209082921.0 | ||
| 008 | 200213s2019 bg ||||| |||| 00| 0 ben d | ||
| 020 | _a9789845025812 | ||
| 035 | _a(BD-RjUL)77242 | ||
| 040 |
_aBD-RjUL _beng _cBD-RjUL |
||
| 041 | _aeng | ||
| 082 |
_223 _a954.9205092 _bTAR 2019 |
||
| 245 |
_aতারুণ্যের আলোয় শেখ হাসিনা / _cবিশ্বজিৎ ঘোষ et ... al. |
||
| 260 |
_aঢাকা : _bঅন্যপ্রকাশ, _c২০১৯ |
||
| 300 |
_a৩৫৮ পৃ. ; _c২২ সেমি. |
||
| 600 |
_aHasina, Sheikh _9239402 |
||
| 650 |
_aPrime ministers _vBangladesh _x Biography. _9239361 |
||
| 700 |
_aঘোষ, বিশ্বজিৎ _9239403 |
||
| 942 |
_2ddc _cBK |
||
| 999 |
_c77018 _d77018 |
||